| 000 | 00998nas a2200277 4500 | ||
|---|---|---|---|
| 001 | BR0801826 | ||
| 003 | BR-BrBNA | ||
| 005 | 20231205111837.0 | ||
| 007 | ta | ||
| 008 | 230509b bl.|||p| |||| 00| 00por d | ||
| 040 |
_aBR-BrBNA _bpor _cBiblioteca Nacional de Agricultura |
||
| 041 | _a(Pt) | ||
| 072 | _aQ03 | ||
| 100 | 1 | _aNunes, I.A. | |
| 100 | 1 | _aRossi Júnior, O.D. | |
| 100 | 1 | _aMesquita, A.J. de | |
| 100 | 1 | _aGarcia, C.A. | |
| 245 | 1 | _aEficiência do enriquecimento em duplo estágio realizado nos caldos UVM e Frazer e desempenho dos ágares LPM e LSAB-CAN para a detecção de Listeria spp. em carne de frango naturalmente contaminada | |
| 650 | _aFRANGO | ||
| 650 | _aCARNE | ||
| 650 | _aCONTAMINAÇÃO | ||
| 650 | _aHIGIENE DE ALIMENTO | ||
| 773 | 0 |
_tAnais da Escola de Agronomia e Veterinária - Universidade Federal de Goiás (Brazil) _xISSN 0100-218X _g(Jul-Dec 1995), v. 25(2) p. 13-20 _wBR0801826 |
|
| 909 |
_a202311 _bLúcia _c55 _dLúcia Elande |
||
| 942 |
_2AGRIS _n0 _cANA |
||
| 999 |
_c194761 _d194761 |
||